| Поле | Инд. | ПП | Название | Значение |
|---|---|---|---|---|
| Тип записи | a | |||
| Библиографический уровень | m | |||
| 001 | Контрольный номер | 313e9d04-3876-4d03-b0fe-1303f8426a39 | ||
| 005 | Дата корректировки | 20140703144856.9 | ||
| 008 | Кодируемые данные | 060731 | ||
| 020 | a | ISBN | 5-238-01050-8 | |
| c | Цена, тираж | 144.00 | ||
| 040 | a | Служба первич. каталог. | НБ ТвГУ | |
| 041 | a | Код языка текста | rus | |
| 080 | a | Индекс УДК | 316.6(075.8) | |
| a | Индекс УДК | 174(075.8) | ||
| 084 | a | Индекс другой классификации/Индекс ББК | Ю953я73-1 | |
| a | Индекс другой классификации/Индекс ББК | Ю705.4я73-1 | ||
| 090 | x | Авторский знак | П86 | |
| a | Полочн. индекс | Ю953 | ||
| 245 | 10 | a | Заглавие | Психология и этика делового общения |
| b | Продолж. заглавия | учеб. для студентов вузов | ||
| c | Ответственность | [В. Ю. Дорошенко и др.] ; под ред. В. Н. Лавриненко | ||
| 250 | a | Основные сведения об издании | 5-е изд., перераб. и доп. | |
| 260 | 0_ | a | Место издания | Москва |
| b | Издательство | ЮНИТИ | ||
| c | Дата издания | 2006 | ||
| 300 | a | Объем | 415 c. | |
| b | Иллюстрации/ тип воспроизводства | ил., потр., табл. | ||
| 440 | a | Серия | Золотой фонд российских учебников : ЗФ | |
| 500 | a | Примечание | Авт. указаны на 3-й с. текста | |
| 504 | a | Библиография | Библиогр.: с. 409-411. | |
| 583 | a | Действие | Получение впервые 284 28.07.2006 | |
| k | Исполнитель действия | ООО "Издательство ЮНИТИ-ДАНА" | ||
| 583 | a | Действие | Приписка 369 03.10.2006 | |
| k | Исполнитель действия | ООО "Издательство ЮНИТИ-ДАНА" | ||
| 583 | a | Действие | Приписка 456 24.11.2006 | |
| k | Исполнитель действия | ООО "Издательство ЮНИТИ-ДАНА" | ||
| 650 | a | Основная рубрика | Общение деловое | |
| x | Основная подрубрика | Психология | ||
| x | Основная подрубрика | Этика | ||
| x | Основная подрубрика | Учебники для вузов | ||
| 653 | a | Ключевые слова | Деловое общение | |
| a | Ключевые слова | Общение | ||
| a | Ключевые слова | Психология делового общения | ||
| a | Ключевые слова | Психология общения | ||
| a | Ключевые слова | Психология управления | ||
| a | Ключевые слова | Этика общения | ||
| a | Ключевые слова | Этикет | ||
| a | Ключевые слова | Деловой этикет | ||
| a | Ключевые слова | Психологические тесты | ||
| a | Ключевые слова | Тесты | ||
| 700 | 1_ | a | Другие авторы | Дорошенко Валентин Юрьевич |
| e | Роль лиц | авт. | ||
| 700 | 1_ | a | Другие авторы | Зотова Л. И. |
| e | Роль лиц | авт. | ||
| 700 | 1_ | a | Другие авторы | Лавриненко Владимир Николаевич |
| e | Роль лиц | авт., ред. | ||
| 700 | 1_ | a | Другие авторы | Подвойская Л. Т. |
| e | Роль лиц | авт. | ||
| 700 | 1_ | a | Другие авторы | Ратников В. П. |
| e | Роль лиц | авт. | ||
| 852 | t | Порядковый номер экземпляра | 1 | |
| p | Инвентарный номер | 847483 | ||
| 852 | t | Порядковый номер экземпляра | 14 | |
| p | Инвентарный номер | 847484 | ||
| p | Инвентарный номер | 847485 | ||
| p | Инвентарный номер | 847486 | ||
| p | Инвентарный номер | 847487 | ||
| p | Инвентарный номер | 847488 | ||
| p | Инвентарный номер | 847489 | ||
| p | Инвентарный номер | 847490 | ||
| p | Инвентарный номер | 847491 | ||
| p | Инвентарный номер | 847492 | ||
| p | Инвентарный номер | 851075 | ||
| p | Инвентарный номер | 851076 | ||
| p | Инвентарный номер | 851077 | ||
| p | Инвентарный номер | 851078 | ||
| p | Инвентарный номер | 851079 | ||
| 852 | t | Порядковый номер экземпляра | 10 | |
| p | Инвентарный номер | 861062 | ||
| p | Инвентарный номер | 861063 | ||
| p | Инвентарный номер | 861064 | ||
| p | Инвентарный номер | 861065 | ||
| p | Инвентарный номер | 861066 | ||
| p | Инвентарный номер | 861067 | ||
| p | Инвентарный номер | 861068 | ||
| p | Инвентарный номер | 861069 | ||
| p | Инвентарный номер | 861070 | ||
| p | Инвентарный номер | 861071 | ||
| 863 | t | 00161431 | ||
| 863 | t | 00161432 | ||
| 863 | t | 00161433 | ||
| 863 | t | 00161434 | ||
| 863 | t | 00161435 | ||
| 863 | t | 00161436 | ||
| 863 | t | 00161437 | ||
| 863 | t | 00161438 | ||
| 863 | t | 00161439 | ||
| 863 | t | 00161440 | ||
| 888 | a | За счет средств университета | ||
| 930 | a | Новая/Ретро | учебники | |
| 952 | p | 284.2006 144.00 1 847483 | ||
| p | 284.2006 144.00 1 847484 | |||
| p | 284.2006 144.00 1 847485 | |||
| p | 284.2006 144.00 1 847486 | |||
| p | 284.2006 144.00 1 847487 | |||
| p | 284.2006 144.00 1 847488 | |||
| p | 284.2006 144.00 1 847489 | |||
| p | 284.2006 144.00 1 847490 | |||
| p | 284.2006 144.00 1 847491 | |||
| p | 284.2006 144.00 1 847492 | |||
| p | 369.2006 144.00 1 851075 | |||
| p | 369.2006 144.00 1 851076 | |||
| p | 369.2006 144.00 1 851077 | |||
| p | 369.2006 144.00 1 851078 | |||
| p | 369.2006 144.00 1 851079 | |||
| p | 456.2006 144.00 1 861062 | |||
| p | 456.2006 144.00 1 861063 | |||
| p | 456.2006 144.00 1 861064 | |||
| p | 456.2006 144.00 1 861065 | |||
| p | 456.2006 144.00 1 861066 | |||
| p | 456.2006 144.00 1 861067 | |||
| p | 456.2006 144.00 1 861068 | |||
| p | 456.2006 144.00 1 861069 | |||
| p | 456.2006 144.00 1 861070 | |||
| p | 456.2006 144.00 1 861071 | |||
| c | Вид литературы | К ру | ||
| 954 | a | Дата поступления на обработку | 20060816 | |
| 999 | a | Подразделение 2 | ч.з. | |
| a | Подразделение 2 | уч.о. | ||
| a | Подразделение 2 | Фил1 |